000 00741nam a22002177a 4500
005 20170823152904.0
008 170823b xxu||||| |||| 00| 0 eng d
010 _aENG-120039
020 _a9780199468164
_c595.00
020 _a199468168
_c950.00
035 _aEN-103571
037 _bDBAD/PUB
082 _a331.210820954
100 _aSreerekha,M.S.
245 _aState without honour :
_cby M.S.Sreerekha
_bwomen workers in India's Anganwadis /
260 _aNew Delhi
_bOxford University Press
_c2017
270 _aYMCA Library Building, 1 Jai Singh Road
_bNew Delhi
_e110001
300 _axv,295p.
_c23cm (Hb)
500 _aIncludes bibliographical references and index
942 _2ddc
_cEN
_mSRE
_h331.210820954
999 _c143724
_d143724